| 000 | 00509nam a2200157Ia 4500 | ||
|---|---|---|---|
| 008 | 210716s2004 xx 000 0 und d | ||
| 020 | _a8173668868 | ||
| 041 | _aeng | ||
| 082 | _a004.65 ANDS | ||
| 100 | _aAndres, Steven; Kenyon, Brian. | ||
| 245 |
_aSecurity sages: guide to hardening the network infrastructure. _bGuide to hardening the network infrastructure. |
||
| 250 | _a1 | ||
| 260 |
_aMumbai _bShroff Publishers and Distributors Pvt Ltd _c2004 |
||
| 300 | _axxx,512 | ||
| 650 | _aComputer Networks | ||
| 999 |
_c187545 _d187545 |
||